[Event "AUTO-INT-32"]
[Site "http://www.queenalice.com/game.php?id=22610"]
[Date "2005.8.4"]
[Round "1"]
[White "Icarvs"]
[Black "gorgonzola"]
[Result "0-1"]
[WhiteElo "1493"]
[BlackElo "1321"]

1. e4 d5 2. Nf3 dxe4 3. Ng5 Bf5 4. g4 Bg6 5. Bc4 e6 6. Nc3 Qxg5 7. d3 Qe5 8. Be3
Bb4 9. Qd2 exd3 10. Bb5+ Nc6 11. O-O-O h6 12. Bxd3 O-O-O 13. f4 Qa5 14. Kb1 Nge7
15. Qf2 f5 16. Nb5 b6 17. Bc4 e5 18. Be6+ Kb7 19. Bc4 Rxd1+ 20. Rxd1 fxg4 21.
Rd7 Rd8 22. Rxc7+ Kb8 23. fxe5 Rd1+ 24. Bc1 a6 25. Qf8+ Rd8 26. Qxd8+ Nxd8 27.
Bf4 axb5 28. Rxe7 Bxe7 29. e6+ Kb7 30. Bd5+ Nc6 31. b3 Qe1+ 0-1

[Event "AUTO-INT-32"]
[Site "http://www.queenalice.com/game.php?id=22611"]
[Date "2005.8.4"]
[Round "1"]
[White "gorgonzola"]
[Black "Icarvs"]
[Result "1-0"]
[WhiteElo "1290"]
[BlackElo "1482"]

1. b4 Nf6 2. Bb2 g6 3. c4 Bg7 4. Nf3 d6 5. g3 Nbd7 6. Bg2 O-O 7. d4 e5 8. e3 Ne4
9. O-O Ndf6 10. h3 Nh5 11. dxe5 dxe5 12. g4 Nhg3 13. fxg3 Nxg3 14. Qxd8 Rxd8 15.
Re1 f6 16. Kh2 e4 17. Kxg3 f5 18. Nd4 Be5+ 19. Kh4 h6 20. g5 h5 21. Na3 c6 22.
c5 Re8 23. Nc4 Bc7 24. a4 f4 25. exf4 Bxf4 26. Bxe4 Bf5 27. Nxf5 Rad8 28. Nh6+
Kh7 29. Rad1 Rxd1 30. Rxd1 Rxe4 31. Rd7+ 1-0

[Event "AUTO-INT-32"]
[Site "http://www.queenalice.com/game.php?id=22624"]
[Date "2005.8.4"]
[Round "1"]
[White "XereX"]
[Black "gorgonzola"]
[Result "1-0"]
[WhiteElo "1507"]
[BlackElo "1349"]

1. d4 f5 2. c4 Nf6 3. Nc3 g6 4. Bf4 d6 5. g3 Bg7 6. b4 O-O 7. Bg2 a5 8. Qa4 Bd7
9. b5 c6 10. Nf3 h6 11. O-O c5 12. dxc5 g5 13. Be3 Ng4 14. Nd5 Nxe3 15. Nxe3
Bxa1 16. Rxa1 dxc5 17. Rd1 b6 18. Nxg5 Ra7 19. Ne6 Bxe6 20. Rxd8 Rxd8 21. Qc2
Rf8 22. Bd5 Bxd5 23. Nxd5 e6 24. Nxb6 Rd8 25. g4 Rg7 26. h3 fxg4 27. Qe4 gxh3+
28. Kh2 Re8 29. Qe3 1-0

[Event "AUTO-INT-32"]
[Site "http://www.queenalice.com/game.php?id=22625"]
[Date "2005.8.4"]
[Round "1"]
[White "gorgonzola"]
[Black "XereX"]
[Result "0-1"]
[WhiteElo "1338"]
[BlackElo "1517"]

1. c4 Nf6 2. d4 d6 3. Nf3 b6 4. g3 c5 5. Bg2 Bb7 6. O-O cxd4 7. Qxd4 Nc6 8. Qd1
e5 9. Qa4 d5 10. cxd5 Nxd5 11. a3 Be7 12. Rd1 O-O 13. e4 Nd4 14. Nxd4 exd4 15.
exd5 Bf6 16. Rxd4 Re8 17. Re4 Bxd5 18. Rxe8+ Qxe8 19. Qxe8+ Rxe8 20. h3 Bxg2 21.
Kxg2 Re1 22. Nc3 Kf8 23. Nd5 Bd4 24. Nb4 a5 25. Nd3 Rd1 26. a4 Rxd3 27. h4 Rd1
28. Rb1 Ke7 29. Bg5+ f6 30. Rxd1 Bxb2 0-1

[Event "Challenge"]
[Site "http://www.queenalice.com/game.php?id=44356"]
[Date "2005.12.20"]
[Round "-"]
[White "cd_dasilva"]
[Black "gorgonzola"]
[Result "1-0"]
[WhiteElo "1503"]
[BlackElo "1272"]

1. Nf3 e6 2. Nc3 Nf6 3. e3 d5 4. h3 c5 5. b3 Nc6 6. Ba3 Be7 7. Be2 a6 8. Bb2 d4
9. exd4 cxd4 10. Na4 b5 11. Nc3 dxc3 12. Bxc3 1-0

[Event "Challenge"]
[Site "http://www.queenalice.com/game.php?id=48983"]
[Date "2006.1.22"]
[Round "-"]
[White "gorgonzola"]
[Black "FabricioMarchi"]
[Result "1-0"]
[WhiteElo "1309"]
[BlackElo "1720"]

1. d4 d5 2. Nf3 e6 3. g3 c5 4. Bg2 Nc6 5. O-O Nf6 6. c4 dxc4 7. Qa4 Bd7 8. Qxc4
Na5 9. Qd3 c4 10. Qc2 Bc6 11. Nc3 Be7 12. e4 Bb4 13. Re1 Nxe4 14. Rxe4 Bxe4 15.
Nxe4 O-O 16. Be3 Rc8 17. Nfg5 h6 18. Nf6+ Qxf6 19. Qh7# 1-0

[Event "Challenge"]
[Site "http://www.queenalice.com/game.php?id=57310"]
[Date "2006.3.14"]
[Round "-"]
[White "gorgonzola"]
[Black "cd_dasilva"]
[Result "0-1"]
[WhiteElo "1352"]
[BlackElo "1593"]

1. e4 e5 2. Nf3 Nc6 3. Bb5 Bc5 4. c3 a6 5. Bxc6 dxc6 6. Nxe5 Qh4 7. O-O Qxe4 8.
Re1 Qf5 9. d4 Be7 10. f4 Nf6 11. c4 b6 12. Nxc6 Be6 13. Nxe7 Kxe7 14. d5 Rhd8
15. Nc3 Kf8 0-1

[Event "Let's Play Chess!"]
[Site "http://www.queenalice.com/game.php?id=58289"]
[Date "2006.3.20"]
[Round "-"]
[White "ifnick"]
[Black "gorgonzola"]
[Result "0-1"]
[WhiteElo "1272"]
[BlackElo "1339"]

1. c3 Nf6 2. b3 e5 3. g3 d5 4. Ba3 Bxa3 5. Nxa3 O-O 6. Bh3 c5 7. Qc2 Bxh3 8.
Nxh3 Qd7 9. Ng5 e4 10. Nb5 Qxb5 0-1

[Event "Let's Play Chess!"]
[Site "http://www.queenalice.com/game.php?id=59925"]
[Date "2006.3.28"]
[Round "-"]
[White "waltc"]
[Black "gorgonzola"]
[Result "1-0"]
[WhiteElo "2007"]
[BlackElo "1375"]

1. e4 d5 2. exd5 Qxd5 3. Nc3 Qa5 4. d4 e5 5. Qe2 Nc6 6. d5 Bb4 7. dxc6 Bxc3+ 8.
Bd2 Bxd2+ 9. Qxd2 Qxd2+ 10. Kxd2 Ne7 11. cxb7 Bxb7 12. Re1 O-O-O+ 13. Kc1 f6 14.
f3 h5 15. Ne2 h4 16. h3 Ng6 17. Rd1 Rxd1+ 18. Kxd1 Rd8+ 19. Kc1 1-0

[Event "Jouons aux echecs !"]
[Site "http://www.queenalice.com/game.php?id=63447"]
[Date "2006.4.16"]
[Round "-"]
[White "Antoine"]
[Black "gorgonzola"]
[Result "0-1"]
[WhiteElo "1288"]
[BlackElo "1342"]

1. Nf3 d5 2. Nc3 Nf6 3. d4 c5 4. dxc5 e6 5. b4 a5 6. e3 axb4 7. Nb5 Bxc5 8. Ne5
Nbd7 9. f4 Nxe5 10. fxe5 Ne4 11. Bd3 O-O 12. O-O f5 13. exf6 Nxf6 14. Qf3 Bd7
15. c4 bxc3 16. Nxc3 Ne4 17. Nxe4 Rxf3 18. Rxf3 dxe4 19. Bxe4 Bb5 20. Bxb7 Qd1+
21. Rf1 Qxf1# 0-1

[Event "Let's Play Chess!"]
[Site "http://www.queenalice.com/game.php?id=63806"]
[Date "2006.4.17"]
[Round "-"]
[White "gorgonzola"]
[Black "pedrinhoIII"]
[Result "0-1"]
[WhiteElo "1346"]
[BlackElo "1637"]

1. c4 e5 2. e3 Qh4 3. Nc3 Bc5 4. Nf3 Qg4 5. Nd5 Na6 6. Nxe5 Qxd1+ 7. Kxd1 d6 8.
Nf3 Be6 9. d4 Bb6 10. Bd2 Bxd5 11. cxd5 O-O-O 12. Bd3 Nf6 0-1

[Event "Challenge"]
[Site "http://www.queenalice.com/game.php?id=73503"]
[Date "2006.6.1"]
[Round "-"]
[White "Magesoul"]
[Black "gorgonzola"]
[Result "0-1"]
[WhiteElo "1432"]
[BlackElo "1356"]

1. Nf3 d5 2. d4 Nf6 3. g3 g6 4. Bg2 c6 5. Nc3 Bg7 6. Bf4 O-O 7. Be5 Nbd7 8. O-O
Nxe5 9. Nxe5 e6 10. e4 Qb6 0-1